| 000 | 00453nam a2200169 4500 | ||
|---|---|---|---|
| 003 | SEACOMEC | ||
| 005 | 20240827151712.0 | ||
| 008 | 240827b |||||||| |||| 00| 0 eng d | ||
| 020 |
_a978-0074515051 _c210.00 |
||
| 040 | _aSEACOMEC | ||
| 082 |
_a620.11 _bA277 |
||
| 100 | _a Agarwal , B.K. | ||
| 245 |
_aIntroduction to Engineering Materials/ _c B.K. Agarwal |
||
| 260 |
_aNew Delhi _bMcGraw Hill Education _c1988 |
||
| 300 | _a353p | ||
| 942 | _cBOOK | ||
| 999 |
_c1648 _d1648 |
||